<?xml version="1.0" encoding="UTF-8"?>
<marc:record xmlns:marc="http://www.loc.gov/MARC21/slim">
   <marc:leader>00000nam a2200000 a 4500</marc:leader>
   <marc:datafield ind1=" " ind2=" " tag="653">
      <marc:subfield code="a">Softcover / Kinder- und Jugendbücher/Kinderbücher bis 11 Jahre</marc:subfield>
   </marc:datafield>
   <marc:datafield ind1="0" ind2="0" tag="245">
      <marc:subfield code="a">Ritter Rost und der Yeti</marc:subfield>
   </marc:datafield>
   <marc:datafield ind1="0" ind2="0" tag="245">
      <marc:subfield code="c">Jörg Hilbert/Felix Janosa</marc:subfield>
   </marc:datafield>
   <marc:datafield ind1=" " ind2="1" tag="264">
      <marc:subfield code="a">Hamburg</marc:subfield>
      <marc:subfield code="b">Terzio</marc:subfield>
      <marc:subfield code="c">2013</marc:subfield>
   </marc:datafield>
   <marc:datafield ind1=" " ind2=" " tag="250">
      <marc:subfield code="a">1. Aufl.</marc:subfield>
   </marc:datafield>
   <marc:datafield ind1="1" ind2=" " tag="520">
      <marc:subfield code="a">Angaben aus der Verlagsmeldung

Ritter Rost: Ritter Rost und der Yeti (mit CD) : Ein winterliches Musical- und Mitmachbuch / von Jörg Hilbert

Oschneemine - ein aufgeregter Schneemann auf der Eisernen Burg des Ritter Rost! Er hat eine wichtige Nachricht für den schlausten, klügsten und mutigsten Ritter von ganz Schrottland: ein Yeti bedroht das Volk der Schneemänner! Als der Ritter davon hört, würde er sich natürlich am liebsten unter der Bettdecke verstecken. Doch Bö und Koks sind sich einig, den Schneemännern muss geholfen werden. Gemeinsam ziehen sie los und kommen dem geheimnisvollen Schneemonster bald auf die Schliche ...

Eine vergnügte, rostige Wintergeschichte mit Hörspiel und Songs auf CD.
</marc:subfield>
   </marc:datafield>
   <marc:datafield ind1=" " ind2=" " tag="020">
      <marc:subfield code="a">9783551271198</marc:subfield>
      <marc:subfield code="9">9783551271198</marc:subfield>
   </marc:datafield>
   <marc:datafield ind1=" " ind2=" " tag="041">
      <marc:subfield code="a">ger</marc:subfield>
   </marc:datafield>
   <marc:datafield ind1=" " ind2=" " tag="300">
      <marc:subfield code="a">ca. 32] S.</marc:subfield>
   </marc:datafield>
</marc:record>
